000
00389nam a2200133Ia 4500
008
100328s9999 xx 000 0 und d
082
_b
28935
100
_a
पाटील अरविंद
245
_a
सागर संग्राम
260
_b
सुर्य
630
_a
सागर संग्राम
730
_a
सागर संग्राम
942
_c
BOOK
999
_c
520095
_d
520092